Evaluación de la rentabilidad histórica y proyectada de empresas : National association of accountants ; traducción y notas por: Domingo J. Messuti, Alberto O. López Gaffney.
Guardado en:
| Autor Corporativo: | |
|---|---|
| Formato: | Libro |
| Idioma: | Spanish English |
| Publicado: |
Buenos Aires :
Ediciones Macchi,
impresión de1973.
|
| Series: | Colección Ciencias Económicas. Temas de administración. ;
10. |
| Materias: | |
| Etiquetas: |
Agregar Etiqueta
Sin Etiquetas, Sea el primero en etiquetar este registro!
|
| LEADER | 01078nam a22002295 4500 | ||
|---|---|---|---|
| 001 | EAD.ead004136 | ||
| 008 | 080718s1973####ag#######b####000#0#spa#d | ||
| 005 | 20230301125410.0 | ||
| 245 | 1 | 0 | |a Evaluación de la rentabilidad histórica y proyectada de empresas : |b National association of accountants ; traducción y notas por: Domingo J. Messuti, Alberto O. López Gaffney. |
| 260 | |a Buenos Aires : |b Ediciones Macchi, |c impresión de1973. | ||
| 300 | |a 181 p. ; |c 20 cm. | ||
| 490 | 1 | |a Colección Ciencias Económicas. Temas de administración ; |v 10 | |
| 500 | |a Traducción de: Return on capital as a guide to managerial decisions. | ||
| 504 | |a Incluye referencias bibliográficas. | ||
| 110 | 2 | |a National Association of Accountants. | |
| 830 | 0 | |a Colección Ciencias Económicas. |p Temas de administración. ; |v 10. | |
| 082 | 0 | 4 | |a 658 |2 21 |
| 650 | 7 | |a Capital. |2 unbist | |
| 650 | 7 | |a Ingreso por inversiones. |2 unbist | |
| 041 | 1 | |a spa |h eng | |
| 859 | |a AR-BaBDC |b BIB. ADMINISTRACION - Libros |h 658 |i N213-1 |p b01223 | ||
| 859 | |a AR-BaBDC |b BIB. ADMINISTRACION - Libros |h 658 |i N213-1 |p b01300 |t Ej. 2 | ||
